000 00984 a2200445 4500
000 BKB
001 133181
005 20200902152055.0
008
010 _a
020 _a9781439846209
082 _a006.66
_bG93C
100 1 _aGuha, Sumanta
110 _a
245 1 _aComputer graphics through open GL : from theory to experiments
_cby Sumanta Guha
250 _a
260 _aBoca Raton
_bCRC Press
_c2011
300 _a858p.
490 _aComputer graphics, geometric modeling, and animation series
_v
500 _a
600 _a
610 _a
611 _a
630 _a
650 _a
651 _a
654 _a
690 _aOpenGL; Computer graphics; Microcomputers-Programming
700 _a
_b
_c
710 _a
_b
_c
711 _a
720 _a
730 _a
740 _a
752 _a
856 _a
_d
_f
904 _a
964 _a
_b
_c
_d
_e
_f
_g
965 _a
999 _c7501
_d7501